Statistics for Animal Populations of Countries

Click here to take the quiz!

General Stats

  • This quiz has been taken 36,077 times
    (22,487 since last reset)
  • The average score is 12 of 20

Answer Stats

Type of animalCountry% Correct
KangarooAustralia
100%
Giant pandaChina
99%
Polar bearCanada
91%
KiwiNew Zealand
90%
TigerIndia
89%
LemurMadagascar
77%
Llamas and alpacasPeru | Bolivia
72%
African elephant [top 3]Botswana | Zimbabwe | Tanzania
71%
Brown bearRussia
70%
OrangutanIndonesia
67%
Domestic horseUnited States
67%
Domestic camel [top 3]Chad | Somalia | Sudan
53%
Domestic cattleBrazil
51%
Hippopotamus [top 2]Zambia | Tanzania
50%
BonoboD.R. Congo
39%
Marine iguanaEcuador
36%
Asiatic cheetahIran
33%
Bird of paradisePapua New Guinea
29%
Barbary macaqueMorocco
24%
Bee hummingbirdCuba
10%

Score Distribution

Percentile by Number Answered

Percent of People with Each Score

Your Score History

You have not taken this quiz since the last reset